000
00283nam a2200133Ia 4500
100
_a
Gauryushin/A
942
_c
BK
654
_a
Machine Tools
245
_a
Metal Cutting Machine Tools
260
_b
Mir Publishers
_c
1973
082
_a
621.9
300
_a
608
546
_a
ENGLISH
999
_c
21787
_d
21787